Представление документа в формате MARC21

ПолеНазваниеЗначение
  Тип записи a
  Библиографический уровень m
001 Контрольный номер RU\infra-m\znanium\bibl\2218834
005 Дата корректировки 20260429142303.5
008 Кодируемые данные 250721s2025 RU g rus u
020 Индекс ISBN __
a ISBN 978-5-16-021258-6
020 Индекс ISBN __
a ISBN 978-5-16-103634-1 (электр. издание)
040 Источник каталогиз. __
a Служба первич. каталог. Общество с ограниченной ответственностью «ЗНАНИУМ»
041 Код языка издания __
a Код языка текста rus
044 Код страны публикации __
a Код страны публикации RU
080 Индекс УДК __
a Индекс УДК 656.2/4(075.8)
084 Индекс другой классификации/Индекс ББК __
2 Источник индекса rubbk
a Индекс другой классификации/Индекс ББК 39.2
084 Индекс другой классификации/Индекс ББК __
2 Источник индекса okso
a Индекс другой классификации/Индекс ББК 23.05.01
084 Индекс другой классификации/Индекс ББК __
2 Источник индекса okso
a Индекс другой классификации/Индекс ББК 23.05.04
100 Автор __
a Автор Левин Д.Ю.
q Полное имя Левин Дмитрий Юрьевич
u Дополнение Российский университет транспорта (МИИТ)
245 Заглавие __
a Заглавие Управление эксплуатационной работой на железнодорожном транспорте: технология и управление работой железнодорожных участков и направлений
b Продолж. заглавия Учебное пособие
c Ответственность Российский университет транспорта (МИИТ)
250 Сведения об издании __
a Основные сведения об издании 1
260 Выходные данные __
a Место издания Москва
b Издательство ООО "Научно-издательский центр ИНФРА-М"
c Дата издания 2026
300 Физическое описание __
a Объем 368 с.
440 Серия __
a Серия Высшее образование
520 Аннотация __
a Аннотация Раскрыта система организации вагонопотоков изложены вопросы разработки и выполнения графика движения поездов пропускной и провозной способности железнодорожных линий технологии местной работы. Соответствует требованиям Федерального образовательного стандарта высшего образования последнего поколения. Учебное пособие предназначено для студентов вузов железнодорожного транспорта специалистов ОАО «РЖД» и транспортных компаний слушателей курсов повышения квалификации.
521 Примеч. о цел. назн. __
a Примеч. о целев. назн. ВО - Бакалавриат
650 Тематические рубрики __
a Основная рубрика Транспорт
x Основная подрубрика Железнодорожный транспорт
655 Указ. предметных рубрик (устаревшее) __
a Жанр/ форма (устаревшее) Учебное пособие
856 Электронный адрес документа 4_
a Имя сервера/домена znanium.ru
m Помощь ebs_support@infra-m.ru
n Местонахождение сервера НИЦ ИНФРА-М
u URL https://znanium.ru/catalog/document?id=467406
856 Электронный адрес документа 48
a Имя сервера/домена znanium.ru
d Путь /cover/2218
f Электронное имя 2218834.jpg
q Тип электронного формата image/jpeg
u URL https://znanium.ru/cover/2218/2218834.jpg
911 __
u 0030=https://znanium.ru/catalog/document?id=467406